000 00672nam a2200205Ii 4500
003 JO-AjNU
008 230605s9999||||xx |||||||||||||| ||und||
040 _aJO-AjNU
_bara
_erda
_cJO-AjNU
041 _aara
050 1 4 _aPJ6106.S268 2001
100 3 _aسقال،ديزرة؛ يوسف عيد؛جوزف ابو نجم,
_eauthor
_924701
245 0 0 _aقواعد اللغة العربية(1)
250 _aط1
264 3 1 _aبيروت:دار الصداقة العربية، 2001
300 _a211ص
336 _atext
_btxt
_2rdacontent
337 _aunmediated
_bn
_2rdamedia
338 _avolume
_bnc
_2rdacarrier
650 4 _aاللغة العربية-قواعد
_924702
999 _aA9139
_c12707
_d12707